[Event "Challenge 2"]
[Site "http://www.queenalice.com/game.php?id=813879"]
[Date "2010.8.5"]
[Round "-"]
[White "P_Leo"]
[Black "betogroo"]
[Result "1-0"]
[WhiteElo "1500"]
[BlackElo "1516"]

1. e4 e5 2. Nf3 Nc6 3. Bb5 d5 4. Nxe5 Bc5 5. Nxc6 Qf6 6. d4 bxc6 7. Bxc6+ Bd7 8.
Bxd7+ Kxd7 9. e5 Qg6 10. dxc5 Qxg2 11. Rf1 Qxh2 12. Qxd5+ Kc8 13. Qxa8+ Kd7 14.
Qd5+ Kc8 15. c6 Ne7 16. Qe4 f5 17. Bf4 Qh5 18. Qc4 Rd8 19. Qa6+ 1-0

[Event "Challenge"]
[Site "http://www.queenalice.com/game.php?id=814362"]
[Date "2010.8.6"]
[Round "-"]
[White "adelio"]
[Black "P_Leo"]
[Result "0-1"]
[WhiteElo "1654"]
[BlackElo "1573"]

1. b4 Nf6 2. b5 g6 3. Nc3 Bg7 4. h3 O-O 5. e4 d6 6. d4 Nbd7 7. f4 b6 8. a4 Bb7
9. d5 Ne8 10. Nf3 Bxc3+ 11. Bd2 Bxa1 12. Qxa1 Nef6 13. Bd3 Nc5 14. O-O Ncxe4 15.
Bxe4 Nxe4 16. Bc1 Bxd5 17. Be3 f5 18. Bd4 Nf6 19. Re1 Qd7 20. Qc1 a6 21. c4 Bb7
22. Qc3 axb5 23. axb5 c6 24. Ng5 c5 25. Bf2 h6 26. Ne6 Rfe8 27. Bh4 Kf7 28. Bxf6
exf6 29. Ng5+ hxg5 30. g3 Rxe1+ 31. Qxe1 gxf4 32. g4 fxg4 33. h4 f5 34. Kh2 Ra3
35. h5 gxh5 36. Qh4 Rh3+ 37. Kg1 Rxh4 38. Kf2 Qe6 39. Kf1 f3 40. Kf2 Qe2+ 41.
Kg3 Rh3+ 42. Kf4 Qe4+ 43. Kg5 g3 44. Kh6 Qe6+ 45. Kg5 Qg6+ 46. Kf4 Qg4+ 47. Ke3
Qd4# 0-1

[Event "Challenge"]
[Site "http://www.queenalice.com/game.php?id=816848"]
[Date "2010.8.11"]
[Round "-"]
[White "heberesteves"]
[Black "P_Leo"]
[Result "0-1"]
[WhiteElo "1572"]
[BlackElo "1517"]

1. e4 c5 2. d4 cxd4 3. Qxd4 Nc6 4. Qe3 g6 5. Qh3 d6 6. Qd3 Bg7 7. Nf3 Nf6 8. Nc3
O-O 9. a3 a6 10. b4 b5 11. a4 Nxb4 12. Qe3 Nxc2+ 0-1

[Event "Challenge"]
[Site "http://www.queenalice.com/game.php?id=816993"]
[Date "2010.8.12"]
[Round "-"]
[White "P_Leo"]
[Black "heberesteves"]
[Result "1-0"]
[WhiteElo "1555"]
[BlackElo "1597"]

1. e4 e5 2. Nf3 d6 3. d4 exd4 4. Nxd4 Nf6 5. Nc3 c5 6. Nf3 a6 7. Be2 Nc6 8. O-O
b5 9. Re1 b4 10. Nd5 Nxd5 11. exd5 Nb8 12. Bxa6+ Be7 13. Bc4 O-O 14. c3 bxc3 15.
bxc3 Nd7 16. a4 Nf6 17. h3 Bd7 18. Bb2 Rb8 19. Qc2 Qb6 20. Rxe7 Qxb2 21. Qxb2
Rxb2 22. Ra2 Rb1+ 23. Kh2 Rc1 24. Re3 Re8 25. Rxe8+ Nxe8 26. Ra3 Nc7 27. a5 Nb5
28. Bxb5 Bxb5 29. a6 Bxa6 30. Rxa6 g6 31. Ra3 Rf1 32. Kg3 Rd1 33. c4 Rb1 34. Nd2
Rc1 35. Ra4 f5 36. Ra2 h6 37. Ra4 g5 38. f4 Rc3+ 39. Nf3 Kg7 40. fxg5 hxg5 41.
Kh2 g4 42. hxg4 fxg4 43. Nd2 Kg6 44. Ne4 Rc2 45. Nxd6 Kg5 46. Ra3 Kf6 47. Re3
Rb2 48. Ne8+ Kf5 49. d6 Kf4 50. Re1 Rd2 51. Re7 g3+ 52. Kh3 Rd3 53. Rf7+ Kg5 54.
Rg7+ 1-0

[Event "Challenge."]
[Site "http://www.queenalice.com/game.php?id=817848"]
[Date "2010.8.13"]
[Round "-"]
[White "Olavio"]
[Black "P_Leo"]
[Result "1-0"]
[WhiteElo "1538"]
[BlackElo "1616"]

1. b3 Nf6 2. Nc3 d6 3. e4 g6 4. Bb2 e5 5. Bc4 Bg7 6. Nd5 Nxe4 7. Qf3 Nf6 8.
Nxf6+ Bxf6 9. Ne2 O-O 10. O-O c6 11. Ng3 d5 12. Bd3 e4 13. Bxf6 Qd6 14. Nf5 Qxf6
15. Nh6+ Kg7 16. Qxf6+ Kxf6 17. g4 Kg7 18. g5 exd3 19. cxd3 Bh3 20. Rfe1 d4 21.
Re4 c5 22. Rae1 Nc6 23. Rh4 Be6 24. f4 Ne7 25. Re5 b6 26. Kf2 Rae8 27. Kf3 Bd5+
28. Kg4 Be6+ 29. Kf3 Nf5 30. Nxf5+ Bxf5 31. Rxe8 Rxe8 32. Kf2 Bxd3 33. Rh3 Bf5
34. Rf3 a5 35. h4 b5 36. Kg3 Re2 37. h5 gxh5 38. Rf2 Re6 39. Kh4 Kg6 40. Rf1 Re2
41. Rc1 Rxd2 42. Rxc5 Rxa2 43. Rc6+ Be6 44. Rd6 Rb2 45. Rd8 Rxb3 46. f5+ Bxf5
47. Rg8# 1-0

[Event "Challenge"]
[Site "http://www.queenalice.com/game.php?id=819195"]
[Date "2010.8.16"]
[Round "-"]
[White "heberesteves"]
[Black "P_Leo"]
[Result "0-1"]
[WhiteElo "1540"]
[BlackElo "1592"]

1. e4 c5 2. e5 g6 3. d4 cxd4 4. Qxd4 Nc6 5. Qc3 Bg7 6. Nf3 a6 7. Bf4 f6 8. Bc4
e6 9. O-O fxe5 10. Nxe5 Nxe5 11. Bxe5 Bxe5 12. Qxe5 Nf6 13. Nd2 O-O 14. Qg5 d5
15. Bd3 b5 16. b3 Bb7 17. Rae1 Qd6 18. Re3 Rae8 19. Rh3 Qe7 20. Bxg6 hxg6 21.
Qxg6+ Qg7 22. Rg3 Re7 23. Qh5 Nxh5 24. Rxg7+ Rxg7 25. Re1 Nf4 26. g3 Nh3+ 27.
Kf1 Rxf2# 0-1

[Event "OS INCLIVEIS"]
[Site "http://www.queenalice.com/game.php?id=819366"]
[Date "2010.8.17"]
[Round "-"]
[White "adelio"]
[Black "P_Leo"]
[Result "0-1"]
[WhiteElo "1701"]
[BlackElo "1597"]

1. d4 Nf6 2. Nc3 g6 3. e4 d6 4. d5 Bg7 5. b4 c6 6. Bb2 Nbd7 7. a4 O-O 8. Bd3
cxd5 9. Ra2 dxe4 10. Nxe4 b6 11. Nf3 Bb7 12. Nxf6+ Bxf6 13. Qd2 Bxb2 14. Rxb2 f6
15. O-O e5 16. Qh6 d5 17. Nh4 Qe7 18. Rb3 e4 19. Be2 Ne5 20. Rg3 Qg7 21. Nf5
Qxh6 22. Nxh6+ Kh8 23. f4 exf3 24. gxf3 Nf7 25. Ng4 Ne5 26. Nxe5 fxe5 27. Bd3
Rae8 28. Re1 e4 29. Bb5 Re7 30. Re3 d4 31. Re1 e3 32. Be2 Kg7 33. h4 h5 34. Kg2
Re5 35. Rf1 a6 36. Kh2 b5 37. a5 Bd5 38. Rfg1 Rf6 39. Rg5 Rxg5 40. Rxg5 Bxf3 41.
Bxf3 Rxf3 42. Re5 Rf2+ 43. Kg3 Rxc2 44. Kf3 Rb2 45. Re6 Rxb4 46. Rxa6 Ra4 47.
Ra7+ Kf6 48. Ke4 e2 49. Kd5 e1=Q 50. Ra6+ Kf5 51. Kc5 Rxa5 52. Rxa5 Qxa5 53.
Kxd4 Qb6+ 54. Kc3 Ke5 55. Kb4 Kd5 56. Kc3 Qd4+ 57. Kb3 Qc4+ 58. Kb2 b4 59. Kb1
Kd4 60. Kb2 Qc3+ 61. Kb1 Kd3 62. Ka2 b3+ 63. Ka3 b2+ 64. Ka2 Qa5+ 65. Kxb2 Qb4+
66. Kc1 Qd2+ 67. Kb1 Kc3 68. Ka1 Qb2# 0-1

[Event "Challenge 3"]
[Site "http://www.queenalice.com/game.php?id=822727"]
[Date "2010.8.24"]
[Round "-"]
[White "P_Leo"]
[Black "heberesteves"]
[Result "1-0"]
[WhiteElo "1606"]
[BlackElo "1456"]

1. e4 e5 2. Nf3 Nc6 3. Bb5 a6 4. Ba4 b5 5. Bb3 Nf6 6. O-O Nxe4 7. d4 exd4 8.
Nxd4 Bb7 9. Re1 d5 10. f3 Be7 11. fxe4 dxe4 12. Rxe4 O-O 13. c3 Bc5 14. Rf4 Ne5
15. h3 Qg5 16. Rf2 Qg6 17. Kf1 Rad8 18. Bc2 Be4 19. Bxe4 Qxe4 20. Qe2 Qd5 21.
Be3 Qc4 22. Nd2 Qxe2+ 23. Rxe2 Rd6 24. Ne4 Rc6 25. Nxc6 Nxc6 26. Bxc5 Re8 27.
Rae1 Rd8 28. Rd2 Rb8 29. b4 g6 30. Rd7 Ne5 31. Rxc7 Nd3 32. Re3 Nc1 33. a3 Re8
34. Re1 Na2 35. Bd4 h5 36. Nf6+ Kh8 37. Rxe8+ Kg7 38. Nxh5+ Kh6 39. Rh8+ Kg5 40.
Rc5+ Kh4 41. Bf2# 1-0

[Event "Challenge"]
[Site "http://www.queenalice.com/game.php?id=832913"]
[Date "2010.9.14"]
[Round "-"]
[White "heberesteves"]
[Black "P_Leo"]
[Result "0-1"]
[WhiteElo "1482"]
[BlackElo "1617"]

1. e4 c5 2. e5 g6 3. Bc4 a6 4. b3 f6 5. Qe2 Bg7 6. Bb2 fxe5 7. Bxe5 Bxe5 8. Qxe5
Nf6 9. Nf3 d6 10. Qe2 b5 11. Bd3 O-O 12. O-O Nc6 13. c4 Nd4 14. Nxd4 cxd4 15.
cxb5 a5 16. Bc4+ d5 17. Bd3 Qd6 18. a4 Nd7 19. Bc2 e5 20. Qg4 Nc5 21. Qg3 Bb7
22. Re1 Rae8 23. d3 Bc8 24. Nd2 Bf5 25. Nf3 Nd7 26. Re2 Rf6 27. Nh4 Kf7 28. Rae1
Rfe6 29. Nxf5 gxf5 30. Qh4 Nf6 31. f4 e4 32. dxe4 dxe4 33. Qg5 Qc5 34. Bb1 d3+
35. Re3 Ng4 36. b4 axb4 37. Qh5+ Kg7 38. Kh1 Nxe3 39. Qg5+ Rg6 40. Qh5 Nxg2 41.
Rg1 Nxf4 42. Qd1 Rxg1+ 43. Qxg1+ Qxg1+ 44. Kxg1 Rc8 45. Kf2 Ne2 46. b6 Ra8 47.
b7 Rb8 0-1

[Event "Contrele 02"]
[Site "http://www.queenalice.com/game.php?id=833826"]
[Date "2010.9.16"]
[Round "-"]
[White "P_Leo"]
[Black "Olavio"]
[Result "1-0"]
[WhiteElo "1659"]
[BlackElo "1540"]

1. e4 e5 2. Nf3 Nc6 3. Bb5 Bc5 4. c3 d5 5. Nxe5 Bxf2+ 6. Kxf2 Qf6+ 7. Qf3 Qxe5
8. exd5 Ne7 9. dxc6 Qxb5 10. cxb7 Bxb7 11. Qe2 Qf5+ 12. Ke1 Rd8 13. Rf1 Qg6 14.
g3 Ba6 15. c4 Rd7 16. b3 O-O 17. Bb2 Qc2 18. Bc3 Rd6 19. Kf2 Rf6+ 20. Bxf6 gxf6
21. Qxe7 Qf5+ 22. Kg1 Qg5 23. Qxc7 Bc8 24. Qd6 Qg4 25. Nc3 Be6 26. Rae1 Qg6 27.
d4 Bh3 28. Rf4 Qc2 29. Ne2 Qd2 30. Qxf6 Qxe1+ 31. Rf1 Qd2 32. Nf4 Qe3+ 33. Kh1
Qe4+ 34. Kg1 Bf5 35. d5 Qe3+ 36. Rf2 Re8 37. Qxf5 Qe1+ 38. Kg2 Re5 39. Qg4+ Kf8
40. Nd3 Qe4+ 41. Qxe4 Rxe4 42. Nc5 Re7 43. h4 a5 44. g4 Kg7 45. a3 h6 46. Kg3
Kg6 47. Rf3 f6 48. Nd3 Re4 49. Nf4+ Kf7 50. d6 Rd4 51. Rd3 Rxd3+ 52. Nxd3 Ke6
53. c5 Kd7 54. Kf4 Ke6 55. b4 a4 56. b5 Kd5 57. d7 Kc4 58. d8=Q Kb3 59. Qd5+
Kxa3 60. c6 h5 61. Qc5+ Ka2 62. Nb4+ Kb3 63. gxh5 f5 64. Ke3 a3 65. Kd3 Kb2 66.
Qc3+ Kb1 67. Qc2+ Ka1 68. Qa2# 1-0

[Event "Challenge"]
[Site "http://www.queenalice.com/game.php?id=835587"]
[Date "2010.9.21"]
[Round "-"]
[White "heberesteves"]
[Black "P_Leo"]
[Result "0-1"]
[WhiteElo "1483"]
[BlackElo "1628"]

1. Nc3 c5 2. e4 Nc6 3. d3 g6 4. b3 Bg7 5. Bb2 Nf6 6. Nd5 e5 7. c4 O-O 8. Ne3 Re8
9. Nf3 d6 10. Be2 a6 11. a4 b6 12. O-O Bb7 13. Ng5 Rb8 14. Nh3 Nd7 15. Ng4 Nd4
16. Bc3 b5 17. axb5 axb5 18. cxb5 Nxb5 19. Ba5 Qe7 20. Bd2 Bc6 21. Bh6 f6 22.
Bxg7 Kxg7 23. Qd2 g5 24. g3 Nd4 25. Rae1 Nxb3 26. Qe3 h6 27. f4 Nd4 28. fxg5
hxg5 29. Rf2 Ne6 30. Ref1 Rf8 31. Qd2 Rf7 32. Qa5 Rbf8 33. Qa6 Nd4 34. Bd1 Qe6
35. Qa5 c4 36. dxc4 Bxe4 37. Qd2 Qe7 38. c5 d5 39. c6 Nxc6 40. Ne3 Qe6 41. Bg4
Qd6 42. Nf5+ Bxf5 43. Bxf5 d4 44. Qd1 Ne7 45. Bd3 Qe6 46. Qh5 Rh8 47. Qf3 Rxh3
48. Rc2 Nb6 49. Kg2 g4 50. Qb7 Ned5 51. Qa6 Ne3+ 52. Kf2 Nxc2 53. Bxc2 Rxh2+ 54.
Kg1 Rxc2 55. Rb1 Qc4 56. Qxb6 Rc1+ 57. Rxc1 Qxc1+ 58. Kf2 Qe3+ 59. Kf1 e4 60.
Qc5 Qd3+ 61. Ke1 e3 0-1

[Event "A um Amigo...."]
[Site "http://www.queenalice.com/game.php?id=839629"]
[Date "2010.9.29"]
[Round "-"]
[White "heberesteves"]
[Black "P_Leo"]
[Result "0-1"]
[WhiteElo "1482"]
[BlackElo "1638"]

1. d4 Nf6 2. Nf3 g6 3. Nc3 d5 4. Bf4 Bg7 5. Nb5 Na6 6. Qd2 O-O 7. e3 Ne4 8. Qe2
c5 9. dxc5 Nexc5 10. b4 Bxa1 11. bxc5 Qa5+ 12. Nd2 e5 13. Bg5 Bd7 14. Nd6 Nxc5
15. Qd1 Qxa2 16. Be2 Qa6 17. O-O Qxd6 18. Qxa1 b6 19. Bf3 Ne6 20. Bh4 Rac8 21.
Rc1 f5 22. Qa2 e4 23. Be2 a5 24. c4 d4 25. Bg3 Qe7 26. exd4 Nxd4 27. Bf1 f4 28.
c5+ Be6 29. Qb2 bxc5 30. Nxe4 fxg3 31. Nxg3 Bd5 32. Ba6 Rc6 33. Bb7 Rb8 34. h3
Rxb7 35. Qa1 Nb3 36. Qc3 Nxc1 37. Qxc1 Ba2 38. Qc2 Rb1+ 39. Nf1 Qe6 40. Qa4 Ra6
41. g4 Bd5 42. Qc2 Rb5 43. f4 Qe4 44. Qf2 Qh1# 0-1

[Event "Challenge"]
[Site "http://www.queenalice.com/game.php?id=842279"]
[Date "2010.10.6"]
[Round "-"]
[White "P_Leo"]
[Black "heberesteves"]
[Result "1-0"]
[WhiteElo "1648"]
[BlackElo "1522"]

1. e4 e5 2. Nf3 d6 3. d4 Nc6 4. dxe5 Nxe5 5. Nxe5 dxe5 6. Qxd8+ Kxd8 7. a3 f5 8.
f3 Nf6 9. Nd2 f4 10. g3 Bc5 11. gxf4 exf4 12. c3 g5 13. h3 Be6 14. b4 Bb6 15.
Bb2 Kd7 16. O-O-O Rae8 17. c4 c5 18. Bxf6 Rhg8 19. bxc5 Bxc5 20. Nb3+ Kc6 21. a4
Ba3+ 22. Bb2 Bb4 23. Nd4+ Kd7 24. Nxe6+ Kxe6 25. Be2 h5 26. Rd5 h4 27. Rb5 Bf8
28. Rxb7 Re7 29. Rb5 a6 30. Rb6+ Kf7 31. Rxa6 Rb7 32. Ra5 Bb4 33. Rb5 Rxb5 34.
axb5 Ra8 35. Rg1 Kg6 36. Rd1 Ba3 37. Bxa3 Rxa3 38. b6 Ra2 39. Rd2 Ra4 40. c5 Kf6
41. b7 Ra1+ 42. Kc2 Rh1 43. b8=Q Rxh3 44. Qd8+ Kg6 45. Qe8+ Kg7 46. Rd7+ Kh6 47.
Qe6+ Kh5 48. Rh7# 1-0

[Event ""Grandes jogos""]
[Site "http://www.queenalice.com/game.php?id=843421"]
[Date "2010.10.8"]
[Round "-"]
[White "heberesteves"]
[Black "P_Leo"]
[Result "0-1"]
[WhiteElo "1564"]
[BlackElo "1670"]

1. d4 Nf6 2. Nc3 g6 3. e4 d6 4. Bd2 Bg7 5. Nf3 O-O 6. e5 dxe5 7. dxe5 Nd5 8. Bc4
c6 9. O-O e6 10. Nxd5 cxd5 11. Bb3 Nc6 12. Ba4 a6 13. a3 Nxe5 14. Bb4 Nc4 15.
Bxf8 Nxb2 16. Qd2 Qxf8 17. Bb3 Nc4 18. Qb4 Qxb4 19. axb4 Bxa1 20. Rxa1 Nd6 21.
Ne5 f6 22. Ng4 Kg7 23. f4 h5 24. Nf2 b5 25. Rd1 Nf5 26. Nd3 Ne3 27. Re1 Nc4 28.
h3 Nb6 29. h4 a5 30. c3 axb4 31. Nxb4 Ra3 32. Rb1 Nc4 33. Nc2 Ra7 34. Rd1 Rc7
35. Nb4 Bb7 36. g3 Rc5 37. Re1 Kf7 38. Bd1 Nb2 39. Be2 Rxc3 40. Kg2 d4+ 41. Kh3
Nc4 42. Rd1 e5 43. fxe5 fxe5 44. Rf1+ Ke6 45. Nd3 Ne3 46. Rf8 Nf5 47. Rb8 Bc6
48. g4 hxg4+ 49. Kxg4 Kd6 50. Kg5 e4 51. Nf4 Rg3+ 52. Kf6 Nxh4 53. Rg8 d3 54.
Bd1 g5 55. Nh5 Rg1 56. Bb3 e3 57. Nf4 d2 58. Nh3 Rg2 59. Nf4 gxf4 60. Rh8 Nf3
61. Re8 Bxe8 0-1

[Event "Brancas"]
[Site "http://www.queenalice.com/game.php?id=917142"]
[Date "2011.3.25"]
[Round "-"]
[White "heberesteves"]
[Black "P_Leo"]
[Result "1-0"]
[WhiteElo "1581"]
[BlackElo "1692"]

1. e4 c5 2. e5 Nc6 3. Nf3 f6 4. d4 fxe5 5. dxe5 g6 6. b3 Bg7 7. Bb2 e6 8. Bc4
Qc7 9. Qe2 b6 10. a4 Bb7 11. Nbd2 Nb4 12. Bd3 Ne7 13. O-O O-O 14. c3 Nbc6 15. b4
d6 16. b5 Nxe5 17. Nxe5 Bxe5 18. Rab1 d5 19. g3 c4 20. Bc2 a6 21. f4 Qc5+ 22.
Qf2 Qxf2+ 23. Rxf2 Bd6 24. Nf3 Bc5 25. Ng5 Bxf2+ 26. Kxf2 e5 27. Re1 e4 28. Ne6
Rf6 29. Nc7 Rc8 30. Nxa6 Bxa6 31. bxa6 Nc6 32. h4 Rf7 33. Bc1 Ra8 34. g4 Rxa6
35. Rg1 Nd8 36. h5 gxh5 37. gxh5+ Rg7 38. Rg5 Rxg5 39. fxg5 Ne6 40. Ke3 Nxg5 41.
Kd4 Ra5 42. Bxg5 Kg7 43. Bd8 Kh6 44. Bxb6 Ra6 45. Bd8 Rd6 46. Be7 Rd7 47. Bc5
Kxh5 48. a5 Kg4 49. a6 h5 50. a7 Rd8 51. Bb6 Re8 52. Ba4 Rf8 53. Bc6 h4 54. Bxd5
h3 55. a8=Q Rxa8 56. Bxa8 h2 57. Bxe4 Kg3 58. Bc7+ Kh3 59. Kxc4 h1=Q 60. Bxh1
Kg4 61. Kd4 Kf5 62. Kd5 Kf6 63. Bd8+ Kf5 64. c4 Kf4 65. c5 Kf5 66. c6 Kf4 67. c7
Kf5 68. c8=Q+ Kf4 69. Qe6 Kg3 70. Qf5 Kh2 71. Qf3 Kg1 72. Qg2# 1-0

[Event "Challenge"]
[Site "http://www.queenalice.com/game.php?id=925741"]
[Date "2011.4.14"]
[Round "-"]
[White "P_Leo"]
[Black "heberesteves"]
[Result "0-1"]
[WhiteElo "1672"]
[BlackElo "1575"]

1. e4 e5 2. Nf3 Nf6 3. Nxe5 Nxe4 4. Qe2 d5 5. d4 c5 6. Qb5+ Nd7 7. Nxd7 Bxd7 8.
Qxb7 cxd4 9. Qxd5 Nf6 10. Qxd4 Be7 11. Bd3 O-O 12. O-O Bc6 13. Qxd8 Raxd8 14.
Be3 a5 15. Re1 Ng4 16. Bb6 Rb8 17. Bxa5 Bc5 18. Re2 Rxb2 19. Nc3 Bd6 20. g3 Ne5
21. Kf1 Rbb8 22. a3 Ra8 23. Ne4 Be7 24. Nc3 Rxa5 25. f4 Nf3 26. Rxe7 Nxh2+ 27.
Ke2 Nf3 28. Be4 Nd4+ 29. Kd3 Bxe4+ 30. Rxe4 Ne6 31. Kd2 Rd8+ 32. Ke3 g6 33. a4
Nc5 34. Rd4 Re8+ 35. Kf3 h5 36. Nb5 Ne6 37. Re4 Rc8 38. c4 g5 39. f5 g4+ 40. Ke3
Ng5 41. Rd4 Nh3 42. Nd6 Rd8 43. Nb5 Re8+ 0-1

[Event "Challenge"]
[Site "http://www.queenalice.com/game.php?id=976944"]
[Date "2011.8.25"]
[Round "-"]
[White "WeffersoN_1988"]
[Black "P_Leo"]
[Result "0-1"]
[WhiteElo "1736"]
[BlackElo "1652"]

1. e4 c5 2. Bc4 e6 3. d3 Nc6 4. Bb5 Nd4 5. Bc4 b5 6. Bb3 Nxb3 7. axb3 Bb7 8. Be3
a5 9. Nd2 g6 10. Nh3 Bg7 11. c3 d6 12. Qf3 Rb8 13. Ng5 Nf6 14. g3 O-O 15. h4 h5
16. d4 cxd4 17. Bxd4 e5 18. Be3 d5 19. exd5 Bxd5 20. Nge4 Nxe4 21. Nxe4 Bxb3 22.
O-O a4 23. Bg5 Qd5 24. Kg2 Qe6 25. Be3 Rbd8 26. Ng5 Qg4 27. Qc6 Bd5+ 28. Qxd5
Rxd5 29. Rfe1 Re8 30. f3 Qf5 31. Ne4 Qc8 32. Rab1 f5 33. Ng5 Bh6 34. Nh3 Bxe3
35. Rxe3 f4 36. gxf4 Rd2+ 37. Kg3 exf4+ 38. Kxf4 Qf5+ 39. Kg3 Rxe3 40. Rf1 Qe5+
41. Nf4 g5 42. hxg5 Qxg5+ 43. Kh3 Rxf3+ 44. Rxf3 Qg4# 0-1

[Event "Challenge"]
[Site "http://www.queenalice.com/game.php?id=980421"]
[Date "2011.9.3"]
[Round "-"]
[White "P_Leo"]
[Black "WeffersoN_1988"]
[Result "0-1"]
[WhiteElo "1671"]
[BlackElo "1750"]

1. e4 d5 2. exd5 Qxd5 3. Nc3 Qe5+ 4. Qe2 Qxe2+ 5. Bxe2 c6 6. Nf3 Bg4 7. O-O Bxf3
8. Bxf3 Nf6 9. d3 e6 10. Bf4 Nbd7 11. a3 h6 0-1